| 000 | 00397nam a2200157Ia 4500 | ||
|---|---|---|---|
| 008 | 240624s9999 xx 000 0 und d | ||
| 041 | _aeng | ||
| 082 | _a346.066 RAM | ||
| 100 | _aRAMAYA A | ||
| 245 | _aGUIDE TO THE COMPANIES ACT WITH CHANGES | ||
| 250 | _a(16 th ed.) | ||
| 260 |
_c2006 _aNagpur _bCapitla Law House |
||
| 300 | _alxiv, : 6806 : p. : cm. ; 23 | ||
| 365 |
_cRS _b15 |
||
| 440 | _v4 | ||
| 999 |
_c5877 _d5877 |
||